[Event "Cartagena Champions Cup"]
[Site "Cartagena"]
[Date "2001.10.01"]
[Round "5"]
[White "Martinez, Cristian"]
[Black "Garcia, Gildardo"]
[Result "0-1"]
[WhiteElo "2303"]
[BlackElo "2490"]
[PlyCount "75"]
[EventDate "2001.09.29"]
[EventType "swiss"]
[EventRounds "9"]
[EventCountry "COL"]
[SourceTitle "CBM 084 Extra"]
[Source "ChessBase"]
[SourceDate "2001.10.26"]
[SourceVersion "1"]
[SourceVersionDate "2001.10.26"]
[SourceQuality "1"]

1. e4 e5 2. Nf3 Nc6 3. Bb5 a6 4. Ba4 Nf6 5. 0-0 Bc5 6. c3 b5 7. Bc2 d5 8. exd5 Qxd5 9. d4 exd4 10. Re1+ Be7 11. a4 Rb8 12. axb5 axb5 13. Nxd4 Nxd4 14. Qxd4 Qxd4 15. cxd4 Be6 16. Ra7 Bd6 17. Bg5 Nd5 18. Bb3 0-0 19. Nc3 Rfe8 20. Ne4 Bb4 21. Rc1 h6 22. Bxh6 Nb6 23. Bxe6 Rxe6 24. Bd2 Rxe4 25. Bxb4 Rxd4 26. Bc5 Rd2 27. Bxb6 Rxb6 28. Raxc7 Rxb2 29. R7c2 Rb4 30. Kf1 Re4 31. Re1 Rd4 32. Rb2 b4 33. Re3 f5 34. Ke2 Kf7 35. f3 Kf6 36. g3 g5 37. Reb3 Ke5 38. Ra2 0-1